000
00275nam a2200121Ia 4500
008
190216s9999||||xx |||||||||||||| ||und||
100
_a
Gopalan N
245
0
_a
Selections From C P Snow
260
_b
Orient Longman
_c
1975
300
_a
83p
650
_a
English
942
_c
BK
999
_c
12602
_d
12602